00798nam a2200181 a 450000500170000000800410001702000180005805000230007610000180009924500560011726000320017330000090020552001840021465000520039865000270045099900190047795201200049620140412111428.0090226s19uu xx 00 eng d a0-439-30920-4 aTR(GS EbBe43 2001 aMurphy, Frank aBen Franklin and the magic squares /cFrank Murphy. aU.S.A :bScholastic,c2001. a48p. aShows how Benjamin Franklin, inventor, writer and scientist created a puzzle called the magic square to keep from being bored while serving as clerk for the Pennsylvania Assembly. aFranklin, Benjamin, 1706-1790xJuvenile fiction aNumber games-- fiction c106294d106294 00104050aELbELcTRd2009-02-26eGiftg125.00l0oTR(GS E Be43 2001pE11552r2014-04-12 00:00:00w2014-04-12yBK